Statistics for Guess the Disney Movie (Pictures)

Click here to take the quiz!

General Stats

  • This quiz has been taken 150 times
  • The average score is 9 of 12

Answer Stats

Answer% Correct
Cinderella
95%
Pinocchio
94%
The Lion King
93%
Frozen
91%
The Jungle Book
84%
Wreck it Ralph
80%
Encanto
79%
Tangled
77%
101 Dalmatians
67%
Sleeping Beauty
61%
Wish
58%
Elena of Avalor
21%

Score Distribution

Percentile by Number Answered

Percent of People with Each Score

Your Score History

You have not taken this quiz